| 000 | 00583nam a2200193 a 4500 | ||
|---|---|---|---|
| 001 | 12382 | ||
| 003 | CO-ViMGA | ||
| 008 | 141112s2004 ck r 000 u spa d | ||
| 020 | _a8482724088 | ||
| 040 |
_aCO-ViMGA _bspa _cCO-ViMGA |
||
| 082 | 0 | 4 | _a347 H25i |
| 100 | 1 |
_aHenao, Hidron Javier _96091 |
|
| 245 | 1 | 0 | _aLa Nueva reforma judicial |
| 260 |
_aBogotá : _bTemis, _c1989 |
||
| 300 | _a475p. | ||
| 590 | _aForma de adquisición : DONACION - - Proveedor : MANUEL DARIO RODRIGUEZ - - Fecha de adquisición : 05 - 19 - 2000 | ||
| 650 | 1 | 4 |
_aREFORMA JUDICIAL _917733 |
| 942 |
_2ddc _cBK |
||
| 999 |
_c23391 _d23391 |
||